000
00315nam a22001337a 4500
020
_a
0000000572347
040
_c
NUST
082
_a
891.4393 ASL
100
_a
Aslam Rahi
_9
88364
245
_a
Halaku Khan
260
_a
LAHORE:
_b
Ammar Publications,
_c
2018.
650
_a
Urdu Adab-Novel
_9
89486
942
_2
ddc
_c
BK
999
_c
587598
_d
587598